Top 50 musique FR Avril 2026 - Statistiques

Statistiques générales
  • Ce quiz a été pris 61 fois
  • Le résultat moyen est 12 sur 50
Statistiques - réponses
Chanteurs Titre % Correct
disiz,Theodora melodrama
81%
RnBoi MON BEBE
70%
Nono La Grinta Paris
70%
GIMS,Theodora SPA
65%
GIMS,La Mano 1.9 PARISIENNE
56%
PLK Pocahontas
47%
GIMS Soleil
44%
RnBoi ELLE VOULAIT
40%
Nono La Grinta LOVE YOU
40%
R2 RUINART
37%
Bleu Soleil,LUIZA Soleil Bleu
35%
RnBoi,Nono La Grinta AVEC MOI
33%
PLK Tu dors ?
33%
Black Cat BMW
28%
PLK,Theodora Sex Model
26%
La Rvfleuze,COLORS Argent Sale
23%
La Rvlfeuze PARLU
23%
Leto Pineapple
23%
Soolking,L2B Tour du monde
23%
TRIANGLES DES BERMUDES,Aya Nakamura Balek
21%
Werenoi Chemin d or
21%
Theodora Miss Kitoko
21%
Rambo goyard BMS
19%
Tame Impala,JENNIE Dracula
19%
Franglish,KeBlack Generation impolie
19%
Black Cat Na Za Desole
19%
TRIANGLES DES BERMUDES,L2B A l aise
16%
Ninho,Tiakola LES DIAMANTS DE BOKASSA
16%
Mauvais djo Maladie
16%
kulturr meli melo
16%
Genezio,Niska OG
16%
La Mano 1.9 Chanel
14%
La Rvlfeuze,Hamza CRYPTO
14%
Wixo et LA2S GMK
14%
Werenoi Jamal
14%
Bad Bunny NUEVAYoL
14%
RAYE WHERE IS MY HUSBAND
14%
Werenoi Petunias
12%
Mauvais djo Pile
12%
Werenoi Poney
12%
La Rvfleuze,Koba LaD PROMENADE
12%
Gambi RENE CAOVILLA
12%
La Rvfleuze Serrure 5
12%
Justin Bieber,Nicki Minaj Beauty And A Beat
9%
Bello et Dallas Meteo
9%
Djo End of Beginning
7%
Le Crime Met Gala
7%
Dominic Fike Babydoll
5%
Bruno Mars I Just Might
0%
HUGEL,SOLTO (FR) Jamaican
0%
Aucun quiz correspondant
Distribution des résultats
% des personnes avec chaque résultat
Percentile par nombre de réponses
Votre historique - résultats
Vous n’avez pas pris ce quiz